| 000 | 00996nmc a2200361 a 4500 | ||
|---|---|---|---|
| 003 | AR-BaBNM | ||
| 005 | 20251128205900.0 | ||
| 008 | 011101s1996 ||||||||||||||000 | spa|| | ||
| 020 | _a84-8164-090-5 | ||
| 040 | _cAR-BaBNM | ||
| 100 | 1 | _aRubio Carracedo, José | |
| 245 | 1 | 0 |
_aEducación moral, postmodernidad y democracia _bmás allá del liberalismo y del comunitarismo |
| 260 |
_aMadrid _bTrotta _c1996 |
||
| 300 |
_a254 p. _bgráfs. |
||
| 490 | 0 | _aEstructuras y procesos. Filosofía | |
| 504 | _aBibliografía al final de cada capítulo | ||
| 600 | 1 | 4 | _aPiaget, Jean |
| 600 | 1 | 4 | _aKohlberg, Lawrence |
| 600 | 1 | 4 | _aZambrano, María |
| 650 | 4 | _aEDUCACION MORAL | |
| 650 | 4 | _aDEMOCRACIA | |
| 650 | 4 | _aCIUDADANIA | |
| 650 | 4 | _aEDUCACION CIVICA | |
| 650 | 4 | _aCOMPORTAMIENTO MORAL | |
| 650 | 4 | _aLIBERALISMO | |
| 650 | 4 | _aPOLITICA | |
| 650 | 4 | _aJUSTICIA | |
| 650 | 4 | _aSOLIDARIDAD | |
| 653 | _aPOSMODERNIDAD | ||
| 653 | _aAUTONOMIA | ||
| 942 | _cBK | ||
| 998 | _carturo | ||
| 999 |
_c13134 _d13134 |
||